LEADER 01064nam a2200289 u 4500 001 000000046209 003 CaOOAMICUS 005 20070914090125.0 008 990630s1987 it u000 u ita u 035 $a10828427 040 $aPUL$bita$dPUL(R) 245 00$aUtopia e distopia /$ca cura di Arrigo Colombo. 260 $aMilano :$bF. Angeli,$c1987. 300 $a373 p. ;$c22 cm 490 1 $aL'Utopia.$aTesti e studi ;$v3 500 $aContiene indici 500 $aContributo di autori vari. 504 $aBibliografia in nota. 650 4$aUtopia.$0(OLS)http://pul/subject/4486 700 1 $aColombo, Arrigo,$d1921-$0(OLS)http://pul/name/9008 830 2$aL'Utopia.$pTesti e studi ;$v3.$0(OLS)http://pul/title/62275 850 $aPUL 852 $aPUL$W1$xSL Filosofia 1$y2$m96 F 85$j61997$nBK-PRI$b $qStampati$B61997$CPULBib$Z2$F61997 $H $81 941 1 $a8 961 $aINV: 80067 996 $6245$aUtopia e distopia$9(OLS)http://pul/title/62274 996 $6260$aMilano :$bF. Angeli$9(OLS)http://pul/publisher/48323 LEADER 01114nam a2200277 u 4500 001 000000032200 003 CaOOAMICUS 005 20070226112227.0 008 971015s1975 it u000 u ita u 035 $a10772859 040 $aPUL$bita 041 1 $aita$hfre 100 1 $aGrelot, Pierre,$csacerdote,$d1917-2009.$0(OLS)http://pul/name/2788 240 10$aDe la mort a la vie éternelle : etudes de théologie biblique.$lItaliano.$0(OLS)http://pul/title/44373 245 10$aDalla morte alla vita :$bstudi di teologia biblica /$cPierre Grelot. 260 $aTorino :$bMarietti,$c1975. 300 $a144 p. ;$c23 cm 490 1 $aCollana biblica 500 $aIndici: p. [135]-144. 830 0$aCollana biblica.$0(OLS)http://pul/title/41836 850 $aPUL 852 $aPUL$W1$xSL Religione 1$y3$m10 H 95$j44450$nBK-PRI$b $qStampati$B44450$CPULBib$Z2$F44450 $H $81 941 1 $a8 961 $aINV: 65467. 996 $6245$aDalla morte alla vita :$bstudi di teologia biblica$9(OLS)http://pul/title/44374 996 $6260$aTorino :$bMarietti$9(OLS)http://pul/publisher/48186